Diffusion: mass transfer in fluid systems

Guardat en:
Dades bibliogràfiques
Autor principal: Cussler, E. L (Autor)
Format: Llibre
Idioma:anglès
Publicat: Cambridge Cambridge University Press 1984
Matèries:
Etiquetes: Afegir etiqueta
Sense etiquetes, Sigues el primer a etiquetar aquest registre!

MARC

LEADER 00000nam a2200000 a 4500
001 UCX8264
003 CL-VaPUC
008 940317e19840000UK |||||||||||||||||eng|d
082 0 4 |a 660.284  |b CUS  |2 21 
100 0 |a Cussler, E. L  |e author  |9 325362 
245 1 0 |a Diffusion: mass transfer in fluid systems 
300 |a 525 p 
942 |c BK 
945 |d 19940317 00:00:00  |a mfernand 
260 |a Cambridge  |b Cambridge University Press  |c 1984 
650 7 |a DIFUSION  |2 CL-VaPUC  |9 262085 
650 0 |a Transferencia de masa  |9 259375 
650 0 |a Fluidos  |9 259333 
583 |a last modification  |c 20120712 12:03:26  |k Rodrigo Vera 
999 |c 227826  |d 227824 
952 |0 0  |1 0  |4 0  |6 660_284000000000000_CUS_1984  |7 0  |8 A  |9 227088  |a BIBING  |b BIBING  |d 2019-11-15  |i 296273K  |o 660.284 CUS 1984  |p 296273K  |r 2025-01-20  |w 2019-11-15  |y BK  |k EIB